000 01307nam a2200241Ia 4500
008 0000002008 usad 0000000000eng00
020 _a9780897973458
090 _aPUS00 H85h1
245 1 0 _aHunst Slonem
_b: the feather game
_c/ editors Janis Gardner Cecil, Michael Gitlitz
300 _a22 p.
_c/ 24 cm.
500 _aExposición realizada en Marlborough Chelsea, New York, mayor 22 junio 21, 2008 \ Incluye cronología del artista \ Proyecto Ganador Programa Apoyos Concertados FGAA 2010
505 _aOBRAS : Tondo peace movement Recorded Monarchs White peacock Cherry Orchard Butterflies Scarlet's return Abraham's peace plan Finches 545 Sky sculpturs Cockatoos and suiphurs Doves and blue pearls Monarch guardians Reigning monarch Peace plan 4 An arrangement Bayou casino Temche Infinity Whispers of showers Fratillary and admirals
600 0 0 _aSLONEM, HUNT, 1951/
_xTRABAJOS PICTORICOS
650 1 4 _aARTE CONTEMPORANEO ESTADOUNIDENSE
650 1 4 _aARTISTAS PLASTICOS ESTADOUNIDENSES
650 1 4 _xCATALOGOS
650 1 4 _xEXPOSICIONES
650 1 4 _aPINTORES ESTADOUNIDENSES
650 1 4 _aPINTURA AL OLEO
650 1 4 _aPINTURA ESTADOUNIDENSE
700 1 _aGardner Cecil, Janis \ Gitlitz, Michael
999 _c12153
_d12153
260 _aNew York : Marlborough Chelsea
_c2008